00250nam a22001097a 4500020001800000082001600018100002800034245002600062260002300088300000800111650002100119 a9788184654998 a261.836 PUN aPunnackad, Mathew Koshy aEarth Bible Sermons-2 aDelhibISPCKc2015 a169 aEcology-Theology